| 000 | 00000nam##2200000za#4500 |
| 001 | 9.604269 |
| 003 | CaOODSP |
| 005 | 20210624211503 |
| 007 | cr ||||||||||| |
| 008 | 150406|2006||||xxc|||||o f|0| 0 fre|d |
| 040 | |aCaOODSP|bfre |
| 043 | |an-cn--- |
| 086 | 1 |aTU3-5/06-28F-PDF |
| 110 | 2 |aBureau de la sécurité des transports du Canada. |
| 245 | 10|aCollision avec le relief de l'avion de construction amateur/expérimental VariViggen N106VV à 8 nm à l'est de Plaster Rock (Nouveau-Brunswick), le 17 septembre 2006 |h[ressource électronique] |
| 260 | |aGatineau - Québec : |bBureau de la sécurité des transports du Canada |c2007. |
| 300 | |a9p. |
| 490 | 1 |aRapport d'enquête aéronautique |vA06A0092 |
| 500 | |a« Le Bureau a autorisé la publication du rapport le 2 avril 2007 »--p.9. |
| 590 | |a12-33-Supp|b2012-07-18 |
| 775 | 08|tCollision with terrain - VariViggen (amateur-built/experimental) N106VV, Plaster Rock, New Brunswick, 8 nm E, 17 September 2006 |w(CaOODSP)9.574525 |
| 830 | #0|aRapport d'enquête aéronautique ;|vA06A0092|w(CaOODSP)9.501229 |
| 856 | 40|ahttp://publications.gc.ca|qPDF|s165 Ko|uhttps://publications.gc.ca/collections/collection_2012/bst-tsb/TU3-5-06-28-fra.pdf|yA06A0092 |